VELVARGIYA BHAJYA ADHUNIK SHETI NAVYA JATI UTPADAN (Record no. 290250)

MARC details
000 -LEADER
fixed length control field 00394pam a2200145a 44500
008 - FIXED-LENGTH DATA ELEMENTS--GENERAL INFORMATION
fixed length control field 230405s2005 xxu||||| |||| 00| 0 eng d
041 ## - LANGUAGE CODE
Language code of text/sound track or separate title ENG
100 ## - MAIN ENTRY--PERSONAL NAME
Personal name PATIL J A
245 ## - TITLE STATEMENT
Title VELVARGIYA BHAJYA ADHUNIK SHETI NAVYA JATI UTPADAN
250 ## - EDITION STATEMENT
Edition statement 2 Ed.
260 ## - PUBLICATION, DISTRIBUTION, ETC.
Place of publication, distribution, etc. PUNE
Name of publisher, distributor, etc. SAN PUB
Date of publication, distribution, etc. 2005
300 ## - PHYSICAL DESCRIPTION
Extent 204p.
440 ## - SERIES STATEMENT/ADDED ENTRY--TITLE
Title BHARATI MADHYVARTI SAHKARI GRAHAK BHANDR, PUNE, B-334
906 ## - LOCAL DATA ELEMENT F, LDF (RLIN)
a 1372
Holdings
Withdrawn status Lost status Damaged status Not for loan Collection Home library Current library Date acquired Total Checkouts Barcode Date last seen Price effective from Koha item type
          Loknete Mohanrao Kadam College of Agriculture, Kadegaon, Sangli Loknete Mohanrao Kadam College of Agriculture, Kadegaon, Sangli 03/01/2008   AGK-2442 17/04/2023 17/04/2023 Book
          Loknete Mohanrao Kadam College of Agriculture, Kadegaon, Sangli Loknete Mohanrao Kadam College of Agriculture, Kadegaon, Sangli 03/01/2008   AGK-2441 17/04/2023 17/04/2023 Book